000 00649nam a2200217Ii 4500
001 1509
003 CO-ViMGA
008 241108s9999||||xx |||||||||||||| ||und||
020 _a8480131608
040 _aCO-ViMGA
_bspa
_erda
_cCO-ViMGA
041 0 _aspa
082 0 4 _a796.3232 A42b
100 1 _aJosé Luis Alderete Vicent
_948948
245 1 0 _aBaloncesto técnica individual defensiva
264 1 _a[Lugar de publicación no identificado] : Gymnos, 1998
300 _avolumen
336 _atext
_btxt
_2rdacontent
337 _aunmediated
_bn
_2rdamedia
338 _avolume
_bnc
_2rdacarrier
940 _aidficha_siabuc: 1478. -- ficha_no_siabuc:1509
999 _c43590
_d43590